| 000 | 01071nmc a2200373 a 4500 | ||
|---|---|---|---|
| 003 | AR-BaBNM | ||
| 005 | 20251128203152.0 | ||
| 008 | 148019s1965 ||||||||||||||000 | spa|| | ||
| 040 | _cAR-BaBNM | ||
| 245 | 1 | 0 |
_aGrandes épocas e ideas del pueblo judío _bla época moderna _n6 |
| 250 | _a1ª ed. | ||
| 260 |
_aBuenos Aires _bPaidós _c1965 |
||
| 300 | _a327 p. | ||
| 490 | 0 |
_aBiblioteca ciencia e historia de las religiones _vv. 1 |
|
| 500 | _aContiene referencias bibliográficas en p. 319 | ||
| 650 | 4 | _aHISTORIA CONTEMPORANEA | |
| 650 | 4 | _aJUDIOS | |
| 650 | 4 | _aCREENCIA RELIGIOSA | |
| 650 | 4 | _aPRACTICA RELIGIOSA | |
| 650 | 4 | _aCOMUNIDADES RELIGIOSAS | |
| 650 | 4 | _aJUDAISMO | |
| 650 | 4 | _aISLAM | |
| 650 | 4 | _aHISTORIA ASIATICA | |
| 650 | 4 | _aHISTORIA DE LAS RELIGIONES | |
| 650 | 4 | _aNACIONALISMO | |
| 650 | 4 | _aRACISMO | |
| 650 | 4 | _aANTISEMITISMO | |
| 650 | 4 | _aIDENTIDAD CULTURAL | |
| 700 | 1 |
_aSchwarz, Leo W. _edirector |
|
| 700 | 1 |
_aBaron, Salo W. _ecolaborador |
|
| 800 | 1 |
_aMeyer, Marshall T. _edirector |
|
| 942 | _cBK | ||
| 998 | _cMARTIN | ||
| 999 |
_c2209 _d2209 |
||